000 00594nam a22001937a 4500
005 20150908104416.0
010 _aENG-113499
020 _c395.00
_a9381384541
020 _c395.00
_a9789381384541
035 _aEN-97031
037 _bDBAD/PUB
082 _a618.928982
100 _aBose, Sumita
245 _aAutism :
_cby Sumita Bose
_ba handbook of diagnosis & treatment of ASD /
260 _aNew Delhi
_bV &S Publishers
_c2015
270 _aF-216, Ansari Road, Daryaganj
_bNew Delhi
_e110002
300 _a158p. :
_c22cm(pbk)
_bill.
942 _2ddc
_cEN
_mBOS
_h618.928982
999 _c94978
_d94978